| 000 | 01452nam a2200397 i 4500 | ||
|---|---|---|---|
| 999 |
_c51500 _d51500 |
||
| 001 | 51500 | ||
| 003 | ES-MaCES | ||
| 005 | 20200820112258.0 | ||
| 008 | 200819s2019 sp | 000 ||spa | ||
| 017 |
_aB 23357-2019 _bDL |
||
| 020 | _a9788423430932 | ||
| 040 |
_aES-MaCES _bspa _cES-MaCES |
||
| 100 | 1 |
_939725 _aMartínez, Inma |
|
| 245 | 1 | 3 |
_aLa quinta revolución industrial _b: cómo la comercialización del espacio se convertirá en la mayor expansión industrial del Siglo XXI : [descubre por qué la carrera espacial revolucionará sectores como la aeronáutica, las telecomunicaciones, la minería o la agricultura] _cInma Martínez ; trad. por Verónica Puertollano |
| 250 | _a1ª ed | ||
| 260 |
_aBarcelona _bDeusto _c2019 |
||
| 300 |
_a271 p. _c23 cm |
||
| 500 | _a2º subtít. tomado de la cub | ||
| 500 | _aÍndices | ||
| 541 | _aCompra | ||
| 650 | 4 |
_929430 _aciencias del espacio |
|
| 650 | 4 |
_930140 _aaeronáutica |
|
| 650 | 4 |
_927854 _aindustria aeronáutica |
|
| 650 | 4 |
_928269 _acomercialización |
|
| 650 | 4 |
_927623 _adesarrollo industrial |
|
| 650 | 4 |
_928025 _ainfraestructura |
|
| 650 | 4 |
_927884 _atelecomunicaciones |
|
| 650 | 4 |
_927815 _aexplotación minera |
|
| 650 | 4 |
_927489 _aagricultura |
|
| 650 | 4 |
_927286 _acambio social |
|
| 650 | 4 |
_930732 _aevaluación del impacto |
|
| 653 | 1 | 0 | _aIndustria-Energía |
| 700 | 1 |
_939726 _aPuertollano, Verónica _etr. |
|
| 902 | _aLIB Libro | ||
| 942 |
_2CES _cBK _h5.2. |
||